000 00779nam a2200229 i 4500
001 88334
003 ES-MaACL
005 20230906174631.0
007 t|
008 050104s1983 sp ||||1| spa d
100 1 _aLa Mettrie, Julien Offray de.
_9149617
245 1 0 _aObra filosófica /
_cJulien-Offray de La Mettrie ; edición preparada por Menene Gras Balaguer.
260 _aMadrid :
_bEd. Nacional,
_c[1983]
300 _a454 p. ;
_c21 cm.
490 1 _aClásicos para una biblioteca contemporánea.
_aPensamiento ;
_v25
700 1 _aGras Balaguer, Menene.
_959682
830 0 _aClásicos para una biblioteca contemporánea
_9181899
852 _aES-MaACL
_jL-4990
_bR.105548
852 _aES-MaACL
_jE-10530
852 _aES-MaACL
_jL-4990
999 _c88334
_d88334